| 000 | 00897nam a2200253Ia 4500 | ||
|---|---|---|---|
| 003 | OSt | ||
| 005 | 20220923211443.0 | ||
| 006 | a|||||r|||| 00| 0 | ||
| 007 | ta | ||
| 008 | Pun | ||
| 020 |
_a9789350177037 (hbk) _c150 |
||
| 024 | _a281,403 | ||
| 037 |
_b900, 25/07/2014, Bright Book Service _cTextual |
||
| 040 |
_aARTS _cARTS _bPun |
||
| 041 |
_2Pun _aPun |
||
| 082 | _aO153,1(Delta73):g, Q1 | ||
| 100 |
_aਕ੍ਰਿFਨ, ਲਾਜਵੰਤੀ ਰਾਮ _9160543 |
||
| 245 | 0 |
_aਪੰਜਾਬੀ ਸੂਖ਼ੀ ਕਵੀ _b 146 - 19 ਈ |
|
| 260 |
_aਚੰਡੀਗੜ _b ਲੋਕਗੀਤ ਪ੍ਰਕਾFਨ _c2011 |
||
| 300 |
_a210ਪੰ _ccm. |
||
| 650 | _aਪੰਜਾਬੀ ਸਾਹਿਤ | ||
| 942 |
_hO153,1(Delta73):g, Q1 _cTEXL _2CC |
||
| 999 |
_c299699 _d299699 |
||